000
00333 a2200157 4500
001
182808
020
_a
040
_c
Magnum
100
_a
Malba Tahan
240
1
0
_a
Mil histórias sem fim - v.2
_l
por
245
1
0
_a
Mil histórias sem fim - v.2
300
_a
222
362
0
_a
1963
697
_a
LITERATURA GERAL
942
_c
BK
999
_c
182808
_d
182808